000
00279nam a2200121Ia 4500
100
_a
Khan/ MY./ Jain/P.K.
942
_c
BK
654
_a
Financial management
245
_a
Financial Management
260
_b
Tata Mc Graw hill
_a
New Delhi
_c
1992
546
_a
ENGLISH
999
_c
28285
_d
28285